00514 2200217 4500001002100000005001500021008004100036020002200077035001900099041000700118082001000125090001000135100001800145700001600163700002100179245003000200260002100230300002600251500000600277650001300283INLIS00000000000593820241224113208241224||||||||| | ||| |||| || |  a978-979-1305-98-3 0010-1224005938 aid0 a302.5 a302.50 aMichael Moran0 aMartin Rein0 aRobert E. Goodin00aHandbook Kebujakan Publik bNusa Mediac2015 a1199 hlm 160 x 240 mm a1 0aHandbook